10 most common crimes in America - Statistics

General Stats
  • This quiz has been taken 38 times
  • The average score is 4 of 10
Answer Stats
# Answer % Correct
3. Burglary/Theft
97%
1. Murder
91%
6. Rape
74%
7. Aggravated Assault
71%
5. Fraud and Racketeering
43%
2. Drugs
40%
9. Domestic Violence
6%
10. Motor Vehicle Theft
3%
4. Prostitution
3%
8. Underage Drinking
3%
No matching quizzes found
Score Distribution
Percent of People with Each Score
Percentile by Number Answered
Your Score History
You have not taken this quiz